| 000 | 02253nam a2200277 i 4500 | ||
|---|---|---|---|
| 001 | 204115 | ||
| 003 | ES-MaBCM | ||
| 005 | 20231019062716.0 | ||
| 008 | 170328t2016 sp||||| |||| 00| 0 spa d | ||
| 017 | _aB.8862-2016 | ||
| 020 | _a978-84-15663-53-9 | ||
| 021 | _axx | ||
| 035 | _a(OCoLC)978433100 | ||
| 040 | _cES-MaBCM | ||
| 100 | 1 |
_9121023 _aIglesias Cavicchioli, Manuel |
|
| 245 | 1 | 3 |
_aLa visión neoconservadora de las relaciones internacionales y la política exterior de los Estados Unidos _cManuel Iglesias Cavicchioli |
| 260 |
_aBarcelona : _bHuygens , _c2016 |
||
| 300 |
_a280 p. ; _c24 cm |
||
| 490 | 0 | _aColección Ciencia política | |
| 504 | _aBibliografía: p. [255]-280 | ||
| 520 | _aEn los últimos años, el neoconservadurismo se ha convertido en un concepto clave para entender la política exterior de los EE.UU. y, en consecuencia, para analizar el propio devenir de las relaciones internacionales de la primera década del siglo XXI. El 11-S, la guerra de Afganistán y especialmente la guerra de Irak han situado al neoconservadurismo en el primer plano del debate político internacional. Nos hallamos ante un movimiento político y una concepción teórica que ha desempeñado un papel crucial en la formulación e implementación de la política exterior de la primera superpotencia mundial en un periodo reciente marcado por la alta conflictividad internacional y por la máxima securitización de la agenda. ¿Estamos ante un subtipo de alguna de las escuelas teóricas tradicionales como el realismo o el liberalismo?; ¿cabe considerar al neoconservadurismo como una verdadera teoría de las relaciones internacionales o estamos, únicamente ante una serie de ideas generales en torno a la política exterior americana? En las páginas de esta obra, encontraremos respuesta a estas y otras cuestiones: el autor clarificará qué entendemos exactamente por neoconservadurismo, cuál ha sido su evolución, y realizará un análisis sistemático de la concepción neoconservadora con el objetivo de encontrar su lugar en la teoría de las relaciones internacionales. | ||
| 650 | 2 | 7 |
_aConservadurismo _958075 |
| 650 | 2 | 7 |
_aPolítica internacional _959837 |
| 651 | 4 |
_aEstados Unidos _9115376 |
|
| 942 |
_cBK _2udc |
||
| 999 |
_c204115 _d204115 |
||